LEADER 03495nam 2200661Ia 450 001 9910461117103321 005 20200520144314.0 010 $a1-280-48856-5 010 $a9786613583796 010 $a0-8157-2238-9 035 $a(CKB)2670000000175204 035 $a(EBL)951454 035 $a(OCoLC)830170678 035 $a(SSID)ssj0000647222 035 $a(PQKBManifestationID)11404336 035 $a(PQKBTitleCode)TC0000647222 035 $a(PQKBWorkID)10593861 035 $a(PQKB)10110493 035 $a(MiAaPQ)EBC951454 035 $a(OCoLC)793207331 035 $a(MdBmJHUP)muse35068 035 $a(Au-PeEL)EBL951454 035 $a(CaPaEBR)ebr10555821 035 $a(CaONFJC)MIL358379 035 $a(EXLCZ)992670000000175204 100 $a20120319d2012 uy 0 101 0 $aeng 135 $aur|n|---||||| 181 $ctxt 182 $cc 183 $acr 200 00$aPorts in a storm$b[electronic resource] $epublic management in a turbulent world /$fJohn D. Donahue and Mark H. Moore, editors 210 $aWashington, D.C. $cBrookings Institution Press$dc2012 215 $a1 online resource (233 p.) 300 $aDescription based upon print version of record. 311 $a0-8157-2237-0 320 $aIncludes bibliographical references and index. 327 $aIntroduction : on management and metaphor / John D. Donahue and Mark H. Moore -- Sea change : rewriting the rules for port security after September 11 / Pamela Varley -- Unraveling a risk-management challenge / Malcolm K. Sparrow -- Portstat : how the Coast guard could use the PerformanceStat leadership strategy to improve port security / Robert D. Behn -- Pursuing public value : frameworks for strategic analysis and action / Herman B. Leonard and Mark H. Moore -- The tummler's task : a collaborative conception of port protection / John D. Donahue and Richard J. Zeckhauser -- Toward a higher purpose : Captain Englebert navigates the choppy waters of network governance / Stephen Goldsmith -- Improving port security : a twenty-first-century government approach / Elaine C. Kamarck -- Calling publics into existence : the political arts of public management / Mark H. Moore and Archon Fung. 330 $aIn Ports in a Storm a team of Harvard Kennedy School scholars focus diverse conceptual lenses on a single high-stakes management task-enhancing port security across the United States. Their aims are two: to understand how a public manager might confront that complex undertaking, and to explore the similarities, differences, and complementarities of their alternative approaches to public management.The book takes as its pivot point the singular case of U.S. Coast Guard CaptainSuzanne Englebert and her leadership of efforts to secure America's ports after theSeptember 11 attack 606 $aHarbors$xManagement 606 $aMarine terminals$xManagement 606 $aHarbors$xSecurity measures 606 $aMarine terminals$xSecurity measures 608 $aElectronic books. 615 0$aHarbors$xManagement. 615 0$aMarine terminals$xManagement. 615 0$aHarbors$xSecurity measures. 615 0$aMarine terminals$xSecurity measures. 676 $a387.1068 701 $aDonahue$b John D$0299990 701 $aMoore$b Mark Harrison$0985787 801 0$bMiAaPQ 801 1$bMiAaPQ 801 2$bMiAaPQ 906 $aBOOK 912 $a9910461117103321 996 $aPorts in a storm$92447056 997 $aUNINA LEADER 03550 am 2200601 n 450 001 9910131511703321 005 20150707 010 $a2-7535-3778-X 024 7 $a10.4000/books.pur.25193 035 $a(CKB)3710000000444927 035 $a(FrMaCLE)OB-pur-25193 035 $a(oapen)https://directory.doabooks.org/handle/20.500.12854/47493 035 $a(PPN)267955464 035 $a(EXLCZ)993710000000444927 100 $a20150717j|||||||| ||| 0 101 0 $afre 135 $auu||||||m|||| 181 $ctxt$2rdacontent 182 $cc$2rdamedia 183 $acr$2rdacarrier 200 10$aFéminités adolescentes $eItinéraires personnels et fabrication des identités sexuées /$fCaroline Moulin 210 $aRennes $cPresses universitaires de Rennes$d2015 215 $a1 online resource (234 p.) 311 $a2-7535-0062-2 330 $aSi les différences entre les sexes sont largement questionnées depuis les années 70, l?analyse des « coulisses » de la fabrication des identités féminines à partir de l?adolescence n?a fait jusqu?ici l?objet que de très peu de recherches sociologiques. L?itinéraire adolescent constitue pourtant une période charnière de composition des identités de sexe. L?ouvrage de Caroline Moulin s?articule autour d?une analyse de la presse pour adolescentes, qui, en ce qu?elle se fait l?écho des grands modèles de féminité, permet de saisir le contexte culturel dans lequel les filles doivent se fabriquer une identité marquée par la sexualisation de leurs parcours de vie. Une cinquantaine d?entretiens menés auprès d?adolescentes permet ensuite de comprendre comment les filles appréhendent et exploitent ces modèles sexués, ainsi que la manière dont elles se construisent dans le cadre confiné de l?entre-soi féminin. Il s?agit en définitive de mettre en lumière les différents enjeux identitaires à l??uvre dans le cadre du repli homolatique, c?est-à-dire du repli sur le groupe restreint de pairs ; les fonctions du pouvoir grandissant des « copines » au détriment de l?autorité parentale, l?évolution des réseaux de sociabilité (la découverte inédite de l?autre sexe), les expérimentations (corporelles, amoureuses, sexuelles?). L?ouvrage de Caroline Moulin interroge également le sens des différences sexuées à l?adolescence. Quelles fonctions sociales les filles leur accordent-elles ? À une époque où l?égalité entre les sexes se pose comme l?un des principes de démocratie, les adolescentes ne comprennent-elles les différences qu?en termes d?« inégalités »? 606 $aSociology 606 $aWomen's Studies 606 $aadolescence 606 $aféminité 606 $aidentité sexuelle 606 $aconstruction identitaire 606 $asociologie du corps 606 $asociologie du genre 610 $aféminité 610 $asociologie du corps 610 $asociologie du genre 610 $aadolescence 610 $aidentité sexuelle 610 $aconstruction identitaire 615 4$aSociology 615 4$aWomen's Studies 615 4$aadolescence 615 4$aféminité 615 4$aidentité sexuelle 615 4$aconstruction identitaire 615 4$asociologie du corps 615 4$asociologie du genre 700 $aMoulin$b Caroline$01311657 801 0$bFR-FrMaCLE 906 $aBOOK 912 $a9910131511703321 996 $aFéminités adolescentes$93030482 997 $aUNINA